| 000 | 01733nam a22002417a 4500 | ||
|---|---|---|---|
| 999 |
_c17529 _d17529 |
||
| 005 | 20251125232857.0 | ||
| 008 | s2530 th tha d | ||
| 040 | _aNALT | ||
| 041 | _atha | ||
| 245 | 1 | 0 | _aพระราชบัญญัติการเช่าที่ดินเพื่อเกษตรกรรม พ.ศ. 2524 และหลักการเกี่ยวกับ พระราชบัญญัติการเช่าที่ดินเพื่อเกษตรกรรม พ.ศ.2524 |
| 260 | 3 |
_aกรุงเทพฯ : _bสำนักงานคุ้มครองสิทธิเสรีภาพและผลประโยชน์ของประชาชน (สคช.) กรมอัยการ, _c2530 |
|
| 300 |
_a120 หน้า ; _b 25 ซม. |
||
| 650 | 0 | 4 | _aที่ดิน -- การเช่า -- กฎหมายและระเบียบข้อบังคับ -- 2524 |
| 650 | 0 | 4 | _aที่ดิน -- การเช่า (พ.ร.บ.) -- 2524 |
| 650 | 0 | 4 | _aที่ดินเพื่อเกษตรกรรม -- กฎหมายและระเบียบข้อบังคับ |
| 650 | 0 | 4 | _aที่ดินเพื่อเกษตรกรรม -- การเช่า -- กฎหมายและระเบียบข้อบังคับ |
| 650 | 0 | 4 | _aที่ดินเพื่อเกษตรกรรม -- การเช่า (พ.ร.บ.) -- 2524 |
| 850 | _aNALT | ||
| 856 | 4 | 0 | _uhttps://hdl.handle.net/20.500.14156/460614 |
| 942 |
_cLB _2lcc |
||
| 998 |
_j25 _k นีลวัสน์ อินทรักษา |
||
| 090 | _aKO25 อ569พ 2530 | ||